Entrepreneur's Guide/ (Record no. 190382)

MARC details
000 -LEADER
fixed length control field 00530nam a22001817a 4500
005 - DATE AND TIME OF LATEST TRANSACTION
control field 20220722160750.0
010 ## - LCCN (DPL NO)
LC control number ENG-133895
020 ## - INTERNATIONAL STANDARD BOOK NUMBER
Terms of availability 125.00
035 ## - SYSTEM CONTROL NUMBER
System control number EN-117427
037 ## - SOURCE OF ACQUISITION
Source of stock number/acquisition DBAD/PUB
082 ## - DEWEY DECIMAL CLASSIFICATION NUMBER
Classification number 658.041
100 ## - MAIN ENTRY--PERSONAL NAME
Personal name Rasankar, Pradip
245 ## - TITLE STATEMENT
Title Entrepreneur's Guide/
Statement of responsibility, etc Pradip Rasankar
260 ## - PUBLICATION, DISTRIBUTION, ETC. (IMPRINT)
Place of publication, distribution, etc Jaysingpur
Name of publisher, distributor, etc KavitaSagar publication
Date of publication, distribution, etc 2017
270 ## - ADDRESS
City Jaysingpur
Postal code 416101
Telephone number 08484986064
Electronic mail address kavitasagarpublication@gmail.com
300 ## - PHYSICAL DESCRIPTION
Extent 96p.
Dimensions 21cm(pbk)
942 ## - ADDED ENTRY ELEMENTS (KOHA)
Source of classification or shelving scheme Dewey Decimal Classification
Item type English Books
Classification part 658.041
Call number suffix RAS
Holdings
Withdrawn status Lost status Not for loan Collection code Home library Current library Date acquired Source of acquisition Cost, normal purchase price Full call number Barcode Copy number Cost, replacement price Koha item type
    Not For Loan Non-fiction Bawana Bawana 22/07/2022 DBAD/PUB 125.00 658.041 RAS EN-117427 1 125.00 English Books

© Delhi Public Library
Hit Counter
free hit counter